000 02657nam0a2200385 4500
001 RU\NLR\BIBL_A\022705317
005 20260325172246.0
010 _a978-5-16-021384-2
_9500
021 _aRU
_bКН-П-25-073057
_9КН-П-25-7078
035 _a(NLR Aleph) 022705317
090 _a13643529
_c13643529
100 _a20260120d2025 u y0rusy50 ca
101 0 _arus
102 _aRU
105 _aac j 000zy
181 0 _ai3
_baxxe
182 0 _an
200 1 _aСодружество Независимых Государств
_eучебное пособие
_eдля студентов направлений подготовки "Международные отношения", "Зарубежное регионоведение", "Политология", "История"
_fК. П. Курылев, И. А. Филькевич, А. В. Гущин, К. Х. Рахимов
_gФедеральное государственное автономное образовательное учреждение высшего образования "Российский университет дружбы народов имени П. Лумумбы", Факультет гуманитарных и социальных наук, Кафедра теории и истории международных отношений
203 _aТекст
_bвизуальный
_cнепосредственный
210 _aМосква
_cИНФРА-М
_d2025
215 _a266 с.
_cтабл., цв. ил., портр.
_d21
300 _aНа с. 263-264 авт.: Курылев К. П. - д-р ист. наук, Филькевич И. А. - д-р экон. наук, проф., акад РАЕ, Гущин А. В. - канд. ист. наук, Рахимов К. Х. - канд. ист. наук
320 _aБиблиогр. в конце тем
601 0 2 _aСНГ
_jУчебные издания для высших учебных заведений
_xПолитика и управление
_91646559
_3RU\NLR\AUTH\661026946
686 1 _aТ3(2)79-3я73
701 1 _aКурылев
_bК. П.
_f1975-
_gКонстантин Петрович
701 1 _aФилькевич
_bИ. А.
_gИгорь Александрович
701 1 _7ca
_8rus
_aГущин
_bА. В.
_cканд. ист. наук
_f1978-
_gАлександр Владимирович
_92701609
_3RU\NLR\AUTH\770291295
701 1 _aРахимов
_bК. Х.
_gКомрон Хакимджонович
711 0 2 _aСНГ
_9274502
_3RU\NLR\AUTH\881972
942 _cBOOK
980 _aNB